Current OPEC Countries - Sudden Death - Statistics

General Stats
  • This quiz has been taken 18 times
  • The average score is 7 of 11
Answers on the Grid
Answers color-coded by a green-red scale on the quiz's grid according to % correct below.
Algeria
Angola
Brunei
Canada
Ecuador
Equatorial Guinea
Gabon
Indonesia
Iran
Iraq
Kuwait
Libya
Morocco
Nigeria
Norway
Qatar
Rep. of the Congo
Russia
Saudi Arabia
United Arab Emirates
United States
Venezuela
 
Answer Stats
Answer % Correct
1960– Iran
85%
1960– Iraq
85%
1960– Kuwait
85%
1960– Saudi Arabia
77%
1969- Algeria
69%
1960– Venezuela
69%
1962– Libya
62%
1971– Nigeria
62%
2017– Equatorial Guinea
38%
1975–1995, 2016– Gabon
38%
2018– Rep. of the Congo
31%
No matching quizzes found
Score Distribution
Percent of People with Each Score
Percentile by Number Answered
Your Score History
You have not taken this quiz